000 00584nam a2200193Ia 4500
003 GCL
008 140319s9999 xx 000 0 ara d
040 _aGCL /
_cGCL
082 0 4 _a219.1
_bم غ
100 1 _aمحمد عمارة
245 1 0 _aالغزو الفكرى و هم ام حقيقة /
_cمحمد عمارة
300 _a278 ص
490 _a
650 0 4 _aالاسلام
650 0 4 _aالاسلام والمذاهب الاقتصادية
650 0 4 _aالاسلام والمجتمع
650 0 4 _aالاسلام والاصلاح الاجتماعى
942 _2ddc
_cBK
999 _c40792
_d40792